DOS power tools : (Record no. 67643)
[ view plain ]
| 000 -LEADER | |
|---|---|
| fixed length control field | 01077nam a2200313 a 4500 |
| 001 - CONTROL NUMBER | |
| control field | 1564680 |
| 003 - CONTROL NUMBER IDENTIFIER | |
| control field | NUST - PNEC |
| 005 - DATE AND TIME OF LATEST TRANSACTION | |
| control field | 20170116181028.0 |
| 008 - FIXED-LENGTH DATA ELEMENTS--GENERAL INFORMATION | |
| fixed length control field | 920210s1991 onca 001 0 eng |
| 010 ## - LIBRARY OF CONGRESS CONTROL NUMBER | |
| LC control number | 92115504 |
| 020 ## - INTERNATIONAL STANDARD BOOK NUMBER | |
| International Standard Book Number | 0553354647 |
| 040 ## - CATALOGING SOURCE | |
| Transcribing agency | LIBRARY |
| 082 00 - DEWEY DECIMAL CLASSIFICATION NUMBER | |
| Classification number | 005.446 SOM |
| 100 1# - MAIN ENTRY--PERSONAL NAME | |
| Personal name | Somerson, Paul. |
| 245 10 - TITLE STATEMENT | |
| Title | DOS power tools : |
| Remainder of title | techniques, tricks, and utilities / |
| Statement of responsibility, etc. | Paul Somerson. |
| 250 ## - EDITION STATEMENT | |
| Edition statement | 2nd ed., rev. for DOS 5.0 |
| 260 ## - PUBLICATION, DISTRIBUTION, ETC. | |
| Place of publication, distribution, etc. | Toronto ; |
| -- | New York : |
| Name of publisher, distributor, etc. | Bantam Books, |
| Date of publication, distribution, etc. | c1991. |
| 300 ## - PHYSICAL DESCRIPTION | |
| Extent | xvii, 1069 p. : |
| Other physical details | ill. ; |
| Dimensions | 24 cm. + |
| 500 ## - GENERAL NOTE | |
| General note | "Bantam computer books." |
| 500 ## - GENERAL NOTE | |
| General note | System requirements for computer disks: 386 and 486 computers; DOS; hard disk recommended. |
| 500 ## - GENERAL NOTE | |
| General note | Includes index. |
| 630 00 - SUBJECT ADDED ENTRY--UNIFORM TITLE | |
| Uniform title | MS-DOS (Computer file) |
| 630 00 - SUBJECT ADDED ENTRY--UNIFORM TITLE | |
| Uniform title | PC-DOS (Computer file) |
| 650 #0 - SUBJECT ADDED ENTRY--TOPICAL TERM | |
| Topical term or geographic name entry element | Operating systems (Computers) |
| General subdivision | MIS |
| 650 #0 - SUBJECT ADDED ENTRY--TOPICAL TERM | |
| Topical term or geographic name entry element | Utilities (Computer programs) |
| 906 ## - LOCAL DATA ELEMENT F, LDF (RLIN) | |
| a | 7 |
| b | cbc |
| c | orignew |
| d | 3 |
| e | ncip |
| f | 19 |
| g | y-gencatlg |
| 942 ## - ADDED ENTRY ELEMENTS (KOHA) | |
| Source of classification or shelving scheme | |
| Koha item type | Book |
| Withdrawn status | Lost status | Source of classification or shelving scheme | Damaged status | Not for loan | Permanent Location | Current Location | Shelving location | Date acquired | Total Checkouts | Full call number | Barcode | Date last seen | Price effective from | Koha item type |
|---|---|---|---|---|---|---|---|---|---|---|---|---|---|---|
| Pakistan Navy Engineering College (PNEC) | Pakistan Navy Engineering College (PNEC) | 005.446 SOM | PNECLIB-016829 | 09/18/2015 | Book |
